01157nas a2200265 4500001001000000003000900010005001700019007000300036008003400039040005400073041000900127072001300136100001800149100001800167111008200185245013100267246012400398650002100522650002200543773009400565909004000659942001800699999001900717952015500736BR8602851BR-BrBNA20231205090515.0ta230509b bl.|||p| |||| 00| 00por d aBR-BrBNAbporcBiblioteca Nacional de Agricultura a(Pt) aM12; L401 aAlves, M.I.M.1 aPinho, A.J.F.1 a9. Congresso Brasileiro de ZoologiacPorto Alegre, RS (Brazil)d7-13 Feb 19821 aHistologia da pele. Branquias e rim na interpretacao da regulacao ionica de Oreochromis niloticus (Linnaeus)[tilapia nilotica]1 aSkin histology. Gills and kidney in the interpretation of osmoregulatory response from Oreochromis niloticus (Linnaeus) aTILAPIA NILOTICA aHISTOLOGIA ANIMAL0 tCiencia Agronomica (Brazil)xISSN 0045-6888g(Dec 1984), v. 15(1-2) p. 143-149wBR8602851 a202311bLúciac55dLúcia Elande 2AGRISn0cANA c118911d118911 002AGRIS4071a41918b41918cPeriódicos Agrícolash(Dec 1984), v. 15(1-2) p. 143-149l0r2023-11-29t01yCRePortaria Interministerial nº 164/94